Władcy Polski (960-1795) - Statystyki

Ogólne statystyki
  • Ten quiz został rozwiązany 70 razy
  • Średni wynik to 32 z 49
Statystyki odpowiedzi
Dynastia Data Odpowiedź % Poprawnych
Piastowie 992-1025 Bolesław I Chrobry
100%
Piastowie 960-992 Mieszko I
100%
Piastiowe 1025-1031;1032-1034 Mieszko II Lambert
98%
Jagiellonowie 1386-1434 Władysław II Jagiełło
96%
Piastowie 1333-1370 Kazimierz III Wielki
92%
Królowie Elekcyjni 1632-1648 Władysław IV Waza
92%
Piastowie(książę krakowski; król Polski) 1289-12891306-1333 Władysław I Łokietek
90%
Królowie Elekcyjni 1587-1632 Zygmunt III Waza
90%
Piastowie 1102-1138 Bolesław III Krzywousty
88%
Królowie Elekcyjni 1764-1795 Stanisław August Poniatowski
88%
Królowie Elekcyjni 1648-1668 Jan II Kazimierz Waza
85%
Andegawenowie 1384-1399 Jadwiga Andegaweńska
83%
Piastowie(senior) 1173-1177
1191-1191
1198-1199 1199-1202
Mieszko III Stary
83%
Jagiellonowie 1506-1548 Zygmunt I Stary
83%
Piastowie 1034-1058 Kazimierz I Odnowiciel
81%
Piastowie 1058-1079 Bolesław II Szczodry (Śmiały)
77%
Królowie Elekcyjni 1573-1575 Henryk Walezy
77%
Jagiellonowie 1447-1492 Kazimierz IV Jagiellończyk
77%
Jagiellonowie 1548-1572 Zygmunt II August
77%
Królowie Elekcyjni 1733-1763 August III Sas
75%
Królowie Elekcyjni 1673-1696 Jan III Sobieski
75%
Królowie Elekcyjni 1576-1586 Stefan Batory
75%
Jagiellonowie 1434-1444 Władysław III Warneńczyk
73%
Jagiellonowie 1501-1506 Aleksander Jagiellończyk
71%
Piastowie 1079-1102 Władysław I Herman
71%
Królowie Elekcyjni 1697-17041709-1733 August II Mocny
69%
Andegawenowie 1370-1382 Ludwik I Węgierski
67%
Królowie Elekcyjni 1669-1672 Michał Korybut Wiśniowiecki
65%
Piastowie 1031-1032 Bezprym
63%
Królowie Elekcyjni 1704-17091733-1736 Stanisław I Leszczyński
60%
Jagiellonowie 1492-1501 Jan I Olbracht
58%
Piastowie(książę krakowski; król Polski) 1290-12911295-1296 Przemysł II
58%
Piastowie(senior) 1138-1146 Władysław II Wygnaniec
58%
Piastowie(książę krakowski) 1288-12881289-1289 Bolesław II Mazowiecki
56%
Piastowie(pryncypat) 1177-11911191-1194 Kazimierz II Sprawiedliwy
50%
Przemyślidzi(książę krakowski; król Polski) 1291-1305 Wacław II
50%
Piastowie(książę krakowski) 1229-12321241-1243 Konrad I Mazowiecki
48%
Piastowie(senior) 1146-1173 Bolesław IV Kędzierzawy
46%
Przemyślidzi 1305-1306 Wacław III
46%
Piastowie(pryncypat; książę krakowski) 1202-12061228-1229 Władysław III Laskonogi
46%
Piastowie(pryncypat) 1194-11981199-1199 1206-1210 1211-1225 1225-1227 Leszek I Biały
42%
Piastowie(książę krakowski) 1279-1288 Leszek II Czarny
40%
Piastowie(książę krakowski) 1241-1241 Bolesław II Rogatka
38%
Piastowie 1102-1107 Zbigniew
38%
Piastowie(pryncypat; książę krakowski) 1225-12251232-1238 Henryk I Brodaty
35%
Piastowie(książę krakowski) 1238-1241 Henryk II Pobożny
33%
Piastowie(pryncypat) 1210-1211 Mieszko IV Plątonogi
27%
Piastowie(książę krakowski) 1243-1279 Bolesław V Wstydliwy
23%
Piastowie(książę krakowski) 1288-12891289-1290 Henryk IV Prawy
21%
Nie znaleziono quizów pasujących do podanych kryteriów
Rozkład punktacji
Procent ludzi z każdym wynikiem
Percentyl według liczby udzielonych odpowiedzi
Twoja historia wyników
Nie rozwiązałeś tego quizu